02169cam a22002895a 4500999001700000001000900017005001700026008004100043020001800084020001800102040002800120082001900148245011000167250001200277260005900289300002600348500002400374504004100398520112000439650004601559651001001605653002401615700003301639700004501672942000801717952015401725 c22864d228361812811020180929104842.0140425s2015 nyu frb 001 0 eng d a9780415742030 a9781315814933 aDLCbengcDLCdEG-ScBUE04a304.8222bMIG00aMigration theory :btalking across disciplines /cedited by Caroline B. Brettell and James F. Hollifield. a3rd ed. aNew York :bRoutledge / Taylor & Francis Group,c2015. axii, 344 p. ;c24 cm. aIndex : p. 333-344. aIncludes bibliographical references. a"During the last decade the issue of migration has increased in global prominence and has caused controversy among the host countries around the world. Continuing their interdisciplinary approach, editors Caroline Brettell and James Hollifield have included revised essays from the previous edition of Migration Theory in such fields as anthropology, political science, law, demography, and geography, as well as new essays focusing on history, economics, and sociology. Each chapter is international in scope. Chapter authors also cross-reference other chapters, indicating the differences across disciplines as well as exploring similarities. Returning authors have revised their chapters to encompass changes in their field. New authors will offer a fresh approach to the disciplinary perspectives. Scholars and students in migration studies will find this book a powerful theoretical guide and a text that brings them up to speed quickly on the important issues and the debates. All of the social science disciplines will find that this book offers a one-stop synthesis of contemporary thought on migration. "-- 7aEmigration and immigration.2BUEsh934031 2BUEsh bBUSBOLcOctober20161 aBrettell, Caroline,eeditor.1 aHollifield, James Frank,d1954-eeditor. 2ddc 00102ddc40708BaccahaMAINbMAINc1STd2016-10-25ePurchaseg462.00h3634l3m3o304.8 MIGp000034582r2025-07-15 00:00:00s2019-11-17v577.50yBB